000 00561nam a2200205 a 4500
001 5419
003 CO-ViMGA
008 141112s2004 ck r 000 u spa d
040 _aCO-ViMGA
_bspa
_cCO-ViMGA
082 0 4 _aNIÑpr
100 1 _aNiño, Jairo Anibal
_92482
245 1 0 _aPreguntario :
_bpoemario para niños
250 _a3a
260 _aSantafé de Bogotá :
_bTres culturas,
_c1994
300 _a99 p : il
490 _aLos sapitos vaqueros
650 1 4 _aCUENTOS INFANTILES
_92743
650 1 4 _aPOESIA INFANTIL COLOMBIANA
_9943
942 _2ddc
_cBK
999 _c17407
_d17407